[Event "CAN-op"]
[Site "Vancouver CAN"]
[Date "1999.07.03"]
[Round "2"]
[White "Saidy, Anthony"]
[Black "Golts, Roman"]
[Result "1-0"]
[WhiteElo "2375"]
[BlackElo "2207"]
[PlyCount "124"]
[GameId "2160767911743020"]
[EventDate "1999.07.02"]
[EventType "swiss"]
[EventRounds "11"]
[EventCountry "CAN"]
[SourceTitle "EXT 2000"]
[Source "ChessBase"]
[SourceDate "1999.11.18"]
[SourceVersion "1"]
[SourceVersionDate "1999.11.18"]
[SourceQuality "1"]

1. d4 Nf6 2. c4 e6 3. Nc3 Bb4 4. f3 c5 5. a3 Bxc3+ 6. bxc3 d5 7. cxd5 Nxd5 8. Qd2 O-O 9. e4 Nb6 10. a4 Bd7 11. dxc5 Nxa4 12. Ba3 Bc6 13. Qe3 Nd7 14. Ne2 e5 15. Nc1 Qh4+ 16. g3 Qh6 17. Qxh6 gxh6 18. Nb3 Nxc3 19. Rc1 Na4 20. Na5 Rfb8 21. Bh3 Nf8 22. Kf2 Bd7 23. Bxd7 Nxd7 24. Nxb7 Rxb7 25. c6 Rb3 26. cxd7 Nb6 27. Bd6 Nxd7 28. Rc7 Rb2+ 29. Ke3 Rab8 30. Rd1 R8b7 31. Rd3 f6 32. Bxe5 fxe5 33. Rcxd7 Rxd7 34. Rxd7 Rxh2 35. Rxa7 Rg2 36. Re7 Rxg3 37. Rxe5 Kf7 38. Kf4 Rg6 39. Rf5+ Ke7 40. Ra5 Rb6 41. Ra7+ Kf6 42. Rxh7 Kg6 43. Rh8 h5 44. Rg8+ Kf7 45. Rg5 Rh6 46. Ra5 Rh8 47. Kf5 Ke7 48. e5 Rf8+ 49. Ke4 Rb8 50. Ra7+ Ke6 51. Ra6+ Ke7 52. Rh6 Rb4+ 53. Kf5 Rh4 54. Rh7+ Kf8 55. Kg5 Rh3 56. f4 Rg3+ 57. Kf6 Kg8 58. Rxh5 Ra3 59. Rg5+ Kf8 60. e6 Ra6 61. Rb5 Ra8 62. Rh5 Kg8 1-0

[Event "CAN-op"]
[Site "Vancouver CAN"]
[Date "1999.07.03"]
[Round "2"]
[White "Scholz, Franz Peter"]
[Black "Gardner, Robert"]
[Result "1-0"]
[WhiteElo "2166"]
[BlackElo "2338"]
[PlyCount "89"]
[GameId "2160767911743021"]
[EventDate "1999.07.02"]
[EventType "swiss"]
[EventRounds "11"]
[EventCountry "CAN"]
[SourceTitle "CA OP"]
[Source "ade"]

1. c4 e5 2. Nc3 Nf6 3. Nf3 Nc6 4. g3 d5 5. cxd5 Nxd5 6. Qa4 Nb6 7. Qc2 Be7 8. Bg2 Nd4 9. Nxd4 exd4 10. Ne4 d3 11. Qxd3 Qxd3 12. exd3 Be6 13. b3 f5 14. Bh3 Rf8 15. O-O Bd5 16. Nc3 Bc6 17. Re1 Rf7 18. Ba3 g6 19. Re3 Kd7 20. Bxe7 Rxe7 21. Rae1 Rae8 22. Bg2 Bxg2 23. Kxg2 c6 24. Kf3 Nc8 25. Kf4 Rf8 26. d4 Rg7 27. h4 h6 28. d5 c5 29. Re6 Re7 30. R1e3 Rxe6 31. Rxe6 Ne7 32. Ke5 f4 33. Rd6+ Ke8 34. Re6 Kd7 35. g4 h5 36. Ne4 hxg4 37. Nxc5+ Ke8 38. d6 Rf5+ 39. Kd4 Rd5+ 40. Kc4 b5+ 41. Kxb5 Rxd2 42. Rxe7+ Kf8 43. Ne6+ Kg8 44. d7 g3 45. fxg3 1-0

[Event "CAN-op"]
[Site "Vancouver CAN"]
[Date "1999.07.03"]
[Round "2"]
[White "Seid, Hee"]
[Black "Strojevs, Alexander"]
[Result "1/2-1/2"]
[WhiteElo "2217"]
[BlackElo "1884"]
[PlyCount "74"]
[GameId "2160767911743022"]
[EventDate "1999.07.02"]
[EventType "swiss"]
[EventRounds "11"]
[EventCountry "CAN"]
[SourceTitle "EXT 2022"]
[Source "ChessBase"]
[SourceDate "2021.10.06"]
[SourceVersion "1"]
[SourceVersionDate "2021.10.06"]
[SourceQuality "1"]

1. d4 Nf6 2. Nf3 g6 3. c4 Bg7 4. Nc3 d6 5. h3 Nbd7 6. e4 c5 7. Be3 cxd4 8. Nxd4 Nc5 9. Qc2 a5 10. Be2 Bd7 11. O-O O-O 12. Rfd1 Qc7 13. Rac1 Rac8 14. b3 Rfd8 15. Bg5 Bc6 16. Bf3 Ncd7 17. Nxc6 bxc6 18. Bf4 Ne5 19. Bxe5 dxe5 20. Na4 Rxd1+ 21. Rxd1 Rd8 22. Rxd8+ Qxd8 23. Qc3 Nd7 24. c5 Bf8 25. Nb6 Nxb6 26. Qxa5 Qa8 27. Qxb6 Qxa2 28. b4 Qb1+ 29. Kh2 Qb2 30. b5 Bh6 31. Qd8+ Kg7 32. Kg1 Qc1+ 33. Bd1 Bd2 34. Qxe7 Qxd1+ 35. Kh2 Bf4+ 36. g3 Qf1 37. gxf4 Qxf2+ 1/2-1/2

[Event "CAN-op"]
[Site "Vancouver CAN"]
[Date "1999.07.03"]
[Round "2"]
[White "Villeneuve, Robert"]
[Black "Arabacioglu, Murat"]
[Result "0-1"]
[WhiteElo "2153"]
[BlackElo "2130"]
[PlyCount "77"]
[GameId "2160767911743024"]
[EventDate "1999.07.02"]
[EventType "swiss"]
[EventRounds "11"]
[EventCountry "CAN"]
[SourceTitle "CA OP"]
[Source "ade"]

1. d4 Nf6 2. c4 e6 3. e3 c5 4. d5 exd5 5. cxd5 d6 6. Nc3 g6 7. Bd3 Bg7 8. Nge2 O-O 9. O-O a6 10. a4 Nbd7 11. Rb1 Ne5 12. Bc2 Re8 13. b4 cxb4 14. Rxb4 Qc7 15. Bd2 Nc4 16. Bd3 Nxd2 17. Qxd2 Qa5 18. Rd4 Nd7 19. Re4 Rxe4 20. Bxe4 Nc5 21. Bc2 Bd7 22. Rd1 b5 23. axb5 axb5 24. Nb1 b4 25. Nc1 Qb6 26. Nb3 Ra2 27. Qc1 Ba4 28. N1d2 Qb5 29. Nd4 Bxd4 30. Bxa4 Qxa4 31. exd4 Nd3 32. Qc8+ Kg7 33. Qg4 Qc2 34. h4 b3 35. Ne4 Nxf2 36. Nxf2 Qxf2+ 37. Kh2 b2 38. h5 Ra1 39. Rd3 0-1

[Event "CAN-op"]
[Site "Vancouver CAN"]
[Date "1999.07.03"]
[Round "2"]
[White "Wong, Samuel"]
[Black "Ivankovic, Goran"]
[Result "1/2-1/2"]
[WhiteElo "2070"]
[BlackElo "1844"]
[PlyCount "36"]
[GameId "2160767911743025"]
[EventDate "1999.07.02"]
[EventType "swiss"]
[EventRounds "11"]
[EventCountry "CAN"]
[SourceTitle "CA OP"]
[Source "ade"]

1. d4 e6 2. c4 Nf6 3. Nc3 b6 4. Bg5 Bb7 5. e3 Be7 6. Nf3 O-O 7. Be2 d5 8. O-O Nbd7 9. Rc1 Ne4 10. Bxe7 Qxe7 11. cxd5 exd5 12. Nxe4 dxe4 13. Nd2 c5 14. Nb3 Rfd8 15. Qc2 Rac8 16. dxc5 Nxc5 17. Nxc5 Rxc5 18. Qb3 Rdc8 1/2-1/2

[Event "CAN-op"]
[Site "Vancouver CAN"]
[Date "1999.07.04"]
[Round "3"]
[White "Aquino, Manfrei"]
[Black "Karnazes, Alexander"]
[Result "0-1"]
[WhiteElo "1974"]
[BlackElo "1529"]
[PlyCount "78"]
[GameId "2160767911743026"]
[EventDate "1999.07.02"]
[EventType "swiss"]
[EventRounds "11"]
[EventCountry "CAN"]
[SourceTitle "CA OP"]
[Source "ade"]

1. d4 d5 2. c4 e6 3. Nc3 c5 4. cxd5 exd5 5. Nf3 Nc6 6. g3 Nf6 7. Bg2 Be7 8. O-O O-O 9. dxc5 Bxc5 10. Bg5 Be6 11. Na4 Be7 12. Nd4 Bg4 13. Be3 Qd7 14. b3 Rac8 15. f3 Bh3 16. Bxh3 Qxh3 17. Rc1 Nxd4 18. Bxd4 b6 19. Qd2 Nh5 20. Rxc8 Rxc8 21. e3 Rc6 22. Qg2 Qc8 23. h4 Rc2 24. Rf2 Rc1+ 25. Kh2 Bd6 26. f4 Qg4 27. Nb2 Nxg3 28. Qxg3 Rh1+ 29. Kg2 Rg1+ 30. Kxg1 Qxg3+ 31. Rg2 Qe1+ 32. Kh2 Qxh4+ 33. Kg1 Bf8 34. Nd3 g6 35. Ne5 Qe1+ 36. Kh2 Bg7 37. f5 Bxe5+ 38. Bxe5 Qxe3 39. Bf6 Qf4+ 0-1

[Event "CAN-op"]
[Site "Vancouver CAN"]
[Date "1999.07.04"]
[Round "3"]
[White "Arabacioglu, Murat"]
[Black "Chiba, James"]
[Result "1-0"]
[WhiteElo "2130"]
[BlackElo "1581"]
[PlyCount "51"]
[GameId "2160767911743027"]
[EventDate "1999.07.02"]
[EventType "swiss"]
[EventRounds "11"]
[EventCountry "CAN"]
[SourceTitle "CA OP"]
[Source "ade"]

1. e4 c5 2. Nf3 d6 3. d4 cxd4 4. Nxd4 Nf6 5. Nc3 g6 6. Be3 Bg7 7. Bc4 O-O 8. f3 Nc6 9. Qd2 a6 10. O-O-O Qc7 11. Bb3 Bd7 12. h4 h5 13. Bg5 Nxe4 14. Nxe4 Nxd4 15. Bxe7 Rfc8 16. Nf6+ Bxf6 17. Bxf6 Nxb3+ 18. axb3 Be6 19. Bc3 Kf8 20. g4 b5 21. gxh5 Bxb3 22. Rhe1 Be6 23. hxg6 a5 24. Qh6+ Ke8 25. gxf7+ Qxf7 26. Rxe6+ 1-0

[Event "CAN-op"]
[Site "Vancouver CAN"]
[Date "1999.07.04"]
[Round "3"]
[White "Bau, Edmund"]
[Black "Harutyunyan, Ararat"]
[Result "1-0"]
[WhiteElo "2087"]
[BlackElo "1937"]
[PlyCount "45"]
[GameId "2160767911743028"]
[EventDate "1999.07.02"]
[EventType "swiss"]
[EventRounds "11"]
[EventCountry "CAN"]
[SourceTitle "CA OP"]
[Source "ade"]

1. e4 e6 2. d4 d5 3. Nd2 Nf6 4. e5 Nfd7 5. f4 c5 6. c3 Nc6 7. Ngf3 Qb6 8. Nb3 cxd4 9. cxd4 Bb4+ 10. Bd2 O-O 11. Bd3 Bxd2+ 12. Qxd2 a5 13. Rc1 a4 14. Nc5 Nxc5 15. Rxc5 Nb4 16. Bb1 Ra5 17. Rxa5 Qxa5 18. O-O Bd7 19. a3 Nc6 20. Bxh7+ Kxh7 21. Ng5+ Kg6 22. Qd3+ f5 23. Qh3 1-0

[Event "CAN-op"]
[Site "Vancouver CAN"]
[Date "1999.07.04"]
[Round "3"]
[White "Campbell, James"]
[Black "Remedios, Russell"]
[Result "0-1"]
[WhiteElo "1476"]
[BlackElo "2110"]
[PlyCount "56"]
[GameId "2160767911743029"]
[EventDate "1999.07.02"]
[EventType "swiss"]
[EventRounds "11"]
[EventCountry "CAN"]
[SourceTitle "CA OP"]
[Source "ade"]

1. d4 e6 2. Nf3 Nf6 3. Bf4 c5 4. c3 b6 5. e3 Ba6 6. Bxb8 Bxf1 7. Rxf1 Rxb8 8. Nbd2 d5 9. Ne5 Qc7 10. h3 Bd6 11. Ndf3 Nd7 12. Nxf7 Kxf7 13. Ng5+ Ke7 14. Qg4 Nf8 15. f4 h5 16. Qh4 Ng6 17. Nxe6+ Nxh4 18. Nxc7 Bxc7 19. O-O-O c4 20. Rf2 Rbe8 21. g3 Nf5 22. Re1 Nxg3 23. Rg1 h4 24. Rfg2 Kf6 25. Kd2 Re6 26. Rxg3 hxg3 27. Rxg3 g6 28. Ke2 Bxf4 0-1

[Event "CAN-op"]
[Site "Vancouver CAN"]
[Date "1999.07.04"]
[Round "3"]
[White "Cummings, David"]
[Black "Monahan, Darby"]
[Result "1-0"]
[WhiteElo "2385"]
[BlackElo "1709"]
[PlyCount "69"]
[GameId "2160767911743030"]
[EventDate "1999.07.02"]
[EventType "swiss"]
[EventRounds "11"]
[EventCountry "CAN"]
[SourceTitle "CA OP"]
[Source "ade"]

1. d4 Nf6 2. c4 e6 3. Nf3 Bb4+ 4. Bd2 Bxd2+ 5. Nbxd2 d5 6. g3 b6 7. Bg2 Bb7 8. cxd5 Bxd5 9. O-O O-O 10. Qc2 Nbd7 11. e4 Bb7 12. Rfe1 h6 13. Rad1 c5 14. dxc5 Qc7 15. Rc1 Qxc5 16. Qa4 Qa5 17. Qxa5 bxa5 18. Rc7 Rab8 19. e5 Bxf3 20. Nxf3 Rxb2 21. exf6 Nxf6 22. a4 Rd8 23. Rxa7 Ng4 24. Rf1 Rc8 25. h3 Nf6 26. Ne5 Rcc2 27. Ra8+ Kh7 28. Ng4 Rc5 29. Nxf6+ gxf6 30. Ra6 Kg7 31. Rc6 Re5 32. Rc4 f5 33. Bf3 Kg6 34. Rfc1 Rd2 35. Rc5 1-0

[Event "CAN-op"]
[Site "Vancouver CAN"]
[Date "1999.07.04"]
[Round "3"]
[White "Davies, Lucas"]
[Black "Hua, Lefong"]
[Result "0-1"]
[WhiteElo "1648"]
[BlackElo "2359"]
[PlyCount "72"]
[GameId "2160767911743031"]
[EventDate "1999.07.02"]
[EventType "swiss"]
[EventRounds "11"]
[EventCountry "CAN"]
[SourceTitle "CA OP"]
[Source "ade"]

1. e4 c5 2. Nc3 Nc6 3. g3 g6 4. Bg2 Bg7 5. f4 d6 6. d3 e6 7. Nf3 Nge7 8. O-O O-O 9. Be3 Nd4 10. Bf2 Rb8 11. Nxd4 cxd4 12. Ne2 Nc6 13. c3 dxc3 14. Nxc3 Qa5 15. Qe2 Nd4 16. Qd2 Bd7 17. Rfd1 Qh5 18. Bxd4 Bxd4+ 19. Kh1 Rfc8 20. Ne2 Bb6 21. d4 d5 22. e5 Rc4 23. Bf1 Rbc8 24. Rac1 Bb5 25. Rxc4 Bxc4 26. b3 Qf3+ 27. Kg1 Bxe2 28. Bxe2 Bxd4+ 29. Qxd4 Qxe2 30. Qd2 Qe4 31. Qd4 Qxd4+ 32. Rxd4 Rc1+ 33. Kg2 Rc2+ 34. Kf3 Rxa2 35. h3 a5 36. h4 Rb2 0-1

[Event "CAN-op"]
[Site "Vancouver CAN"]
[Date "1999.07.04"]
[Round "3"]
[White "Davies, Noam"]
[Black "Gibney, Eugene"]
[Result "0-1"]
[WhiteElo "1467"]
[BlackElo "2199"]
[PlyCount "60"]
[GameId "2160767911743032"]
[EventDate "1999.07.02"]
[EventType "swiss"]
[EventRounds "11"]
[EventCountry "CAN"]
[SourceTitle "CA OP"]
[Source "ade"]

1. e4 c5 2. Nc3 Nc6 3. g3 g6 4. Bg2 Bg7 5. f4 d6 6. Nf3 e6 7. d3 Nge7 8. O-O O-O 9. Be3 Nd4 10. Bxd4 cxd4 11. Ne2 Nc6 12. c3 dxc3 13. bxc3 b6 14. d4 Ba6 15. e5 d5 16. Re1 Rc8 17. Rc1 Na5 18. Nd2 Qd7 19. Bf1 Rc7 20. Qc2 Rfc8 21. Qb2 Bf8 22. Kh1 Qa4 23. Nb1 Bc4 24. Rc2 Bd3 25. Rcc1 Nc4 26. Qb3 Qxb3 27. axb3 Na5 28. b4 Nb3 29. Kg1 Nxc1 30. Nxc1 Bxb1 0-1

[Event "CAN-op"]
[Site "Vancouver CAN"]
[Date "1999.07.04"]
[Round "3"]
[White "Friesen, David"]
[Black "Fuentebella, Mayo"]
[Result "0-1"]
[WhiteElo "1567"]
[BlackElo "2332"]
[PlyCount "88"]
[GameId "2160767911743033"]
[EventDate "1999.07.02"]
[EventType "swiss"]
[EventRounds "11"]
[EventCountry "CAN"]
[SourceTitle "CA OP"]
[Source "ade"]

1. e4 e6 2. d4 d5 3. Nc3 Nf6 4. Bg5 Bb4 5. e5 h6 6. Bxf6 gxf6 7. Qd3 fxe5 8. a3 Bxc3+ 9. Qxc3 e4 10. O-O-O Nc6 11. Bb5 Bd7 12. f3 f5 13. g4 fxg4 14. fxe4 Qg5+ 15. Kb1 O-O-O 16. Bxc6 Bxc6 17. e5 Bb5 18. Qc5 a6 19. b3 b6 20. Qc3 h5 21. a4 Be8 22. Qd3 Kb7 23. Ka2 Bg6 24. h4 Bxd3 25. hxg5 Bxc2 26. Rc1 Be4 27. Rh4 Rdf8 28. Ka1 Rf2 29. b4 g3 30. Re1 g2 31. Nh3 Rf1 32. Rhxe4 dxe4 33. Rb1 Rxb1+ 34. Kxb1 Rg8 35. Kc2 Rxg5 36. Nxg5 g1=Q 37. Nxe6 Qf2+ 38. Kc3 e3 39. Nc5+ bxc5 40. e6 e2 41. e7 e1=Q+ 42. Kc4 Qxd4+ 43. Kb3 Qexb4+ 44. Kc2 Qdd2# 0-1

[Event "CAN-op"]
[Site "Vancouver CAN"]
[Date "1999.07.04"]
[Round "3"]
[White "Fullbrook, Nigel"]
[Black "Neumann, Ralph"]
[Result "1-0"]
[WhiteElo "2351"]
[BlackElo "1683"]
[PlyCount "79"]
[GameId "2160767911743034"]
[EventDate "1999.07.02"]
[EventType "swiss"]
[EventRounds "11"]
[EventCountry "CAN"]
[SourceTitle "CA OP"]
[Source "ade"]

1. e4 c5 2. Nf3 Nc6 3. d4 cxd4 4. Nxd4 d6 5. c4 Nf6 6. Nc3 g6 7. Be2 Bg7 8. Be3 O-O 9. O-O Bd7 10. Qd2 a6 11. Rac1 Rc8 12. f3 Ne8 13. Nd5 Bxd4 14. Bxd4 Nxd4 15. Qxd4 Rc6 16. b4 Nc7 17. a4 f5 18. b5 axb5 19. cxb5 Rxc1 20. Rxc1 Ne6 21. Qb6 Qxb6+ 22. Nxb6 Nf4 23. Bf1 Be6 24. g3 Nh5 25. exf5 gxf5 26. Rc7 Rb8 27. Rxe7 Ng7 28. a5 d5 29. Kf2 d4 30. f4 Kf8 31. Rxe6 Nxe6 32. Nd7+ Ke7 33. Nxb8 Kd8 34. a6 Kc8 35. a7 Nc7 36. Bd3 b6 37. Bxf5+ Kb7 38. Bxh7 Nxb5 39. Nc6 Nxa7 40. Nxa7 1-0

[Event "CAN-op"]
[Site "Vancouver CAN"]
[Date "1999.07.04"]
[Round "3"]
[White "Green, Charlie"]
[Black "Lipnowski, Samuel"]
[Result "0-1"]
[WhiteElo "1462"]
[BlackElo "1948"]
[PlyCount "120"]
[GameId "2160767911743035"]
[EventDate "1999.07.02"]
[EventType "swiss"]
[EventRounds "11"]
[EventCountry "CAN"]
[SourceTitle "CA OP"]
[Source "ade"]

1. e4 c5 2. Nf3 e6 3. d4 cxd4 4. Nxd4 a6 5. Nc3 Qc7 6. a3 Nf6 7. Be2 b5 8. Be3 Bb7 9. Bf3 b4 10. axb4 Bxb4 11. Qd3 d5 12. exd5 Nxd5 13. Bxd5 Bxd5 14. O-O Bxc3 15. Qxc3 Qxc3 16. bxc3 O-O 17. Ra3 Nd7 18. Rb1 Rfb8 19. Rxb8+ Rxb8 20. Nb3 Bc4 21. h3 h6 22. Nd2 Rc8 23. Nxc4 Rxc4 24. Bd2 Rc6 25. f3 Ne5 26. Be1 Nc4 27. Ra2 Kf8 28. Kf2 Ke7 29. Ke2 e5 30. g4 Ke6 31. Kd3 Nd6 32. Ra4 g6 33. h4 f5 34. Bd2 h5 35. gxf5+ gxf5 36. c4 Nb7 37. Ra1 Nc5+ 38. Kc3 e4 39. Rg1 Kf7 40. f4 Rg6 41. Be3 Ne6 42. Kb4 Rg4 43. c5 Rxh4 44. c6 Rh2 45. c3 h4 46. Ra1 h3 47. Rxa6 Rb2+ 48. Kc4 h2 49. Ra1 Ke7 50. Kd5 Nc7+ 51. Kc4 Kd6 52. Kd4 Kxc6 53. Ke5 Rb5+ 54. Kf6 Nd5+ 55. Kxf5 Nxe3+ 56. Kxe4 Ng4 57. Kf3 Rb2 58. Kxg4 Rg2+ 59. Kf3 Rg1 60. Ra6+ Kb7 0-1

[Event "CAN-op"]
[Site "Vancouver CAN"]
[Date "1999.07.04"]
[Round "3"]
[White "Gushuliak, Justin"]
[Black "Hagan, Jeff"]
[Result "1-0"]
[WhiteElo "2073"]
[BlackElo "1517"]
[PlyCount "109"]
[GameId "2160767911743036"]
[EventDate "1999.07.02"]
[EventType "swiss"]
[EventRounds "11"]
[EventCountry "CAN"]
[SourceTitle "CA OP"]
[Source "ade"]

1. e4 e5 2. Nf3 Nc6 3. Bb5 a6 4. Ba4 b5 5. Bb3 d6 6. d4 Nxd4 7. Nxd4 exd4 8. Bd5 Rb8 9. Qxd4 Be6 10. Nc3 Nf6 11. O-O Be7 12. Bf4 O-O 13. a3 Nxd5 14. Nxd5 Bxd5 15. Qxd5 Bf6 16. c3 Re8 17. Rad1 Re6 18. Rfe1 Be5 19. Be3 Qe7 20. Rd2 Bf6 21. Bf4 Be5 22. Bg3 Bxg3 23. hxg3 h6 24. Rde2 Re5 25. Qd4 Qd7 26. f4 Re7 27. e5 dxe5 28. Qxd7 Rxd7 29. Rxe5 Kf8 30. Kf2 Rd2+ 31. R1e2 Rbd8 32. Re8+ Rxe8 33. Rxd2 Re7 34. Rd8+ Re8 35. Rd4 Re7 36. Kf3 f5 37. Rd5 g6 38. Re5 Kf7 39. Ke3 Rd7 40. Rc5 h5 41. Rc6 Rd6 42. Rxd6 cxd6 43. Kd4 Ke6 44. b3 a5 45. c4 a4 46. b4 bxc4 47. Kxc4 d5+ 48. Kd4 Kd6 49. b5 Kc7 50. Kxd5 Kb6 51. Kc4 Kb7 52. Kc5 Kc7 53. b6+ Kb7 54. Kb5 h4 55. gxh4 1-0

[Event "CAN-op"]
[Site "Vancouver CAN"]
[Date "1999.07.04"]
[Round "3"]
[White "James, Mark"]
[Black "Scholz, Franz Peter"]
[Result "0-1"]
[WhiteElo "1430"]
[BlackElo "2166"]
[PlyCount "36"]
[GameId "2160767911743037"]
[EventDate "1999.07.02"]
[EventType "swiss"]
[EventRounds "11"]
[EventCountry "CAN"]
[SourceTitle "CA OP"]
[Source "ade"]

1. e4 d6 2. d4 Nf6 3. Nc3 g6 4. Nf3 Bg7 5. Be2 O-O 6. O-O Nbd7 7. Be3 Ng4 8. Qd2 Nxe3 9. Qxe3 e5 10. Rad1 c6 11. Rd2 Qe7 12. Rfd1 Nf6 13. dxe5 dxe5 14. Bc4 Ng4 15. Qe2 Qc5 16. Bb3 Bh6 17. Rd8 b5 18. h3 Nxf2 0-1

[Event "CAN-op"]
[Site "Vancouver CAN"]
[Date "1999.07.04"]
[Round "3"]
[White "Levtchouk, George"]
[Black "Chranowski, Rick"]
[Result "1-0"]
[WhiteElo "2375"]
[BlackElo "1874"]
[PlyCount "81"]
[GameId "2160767911743038"]
[EventDate "1999.07.02"]
[EventType "swiss"]
[EventRounds "11"]
[EventCountry "CAN"]
[SourceTitle "hb 2011"]

1. d4 b6 2. e4 Bb7 3. Nd2 e6 4. Bd3 Nf6 5. Ngf3 d5 6. e5 Nfd7 7. Qe2 c5 8. c3 Nc6 9. a3 Be7 10. b4 c4 11. Bc2 b5 12. h4 h6 13. Nf1 Nb6 14. Ng3 Kd7 15. h5 a6 16. O-O Qg8 17. Nh2 f5 18. Nxf5 exf5 19. Bxf5+ Kc7 20. f4 Rf8 21. Bg6 Bc8 22. f5 Bd7 23. Ng4 Be8 24. f6 Bxg6 25. hxg6 gxf6 26. exf6 Bxf6 27. Rxf6 Rxf6 28. Nxf6 Qxg6 29. Qe6 Kb7 30. Bf4 Rf8 31. Be5 Rf7 32. Rf1 Nxe5 33. dxe5 Rg7 34. Qh3 Re7 35. e6 Kc6 36. Qe3 Na4 37. Qe5 Qd3 38. Rf3 Qd1+ 39. Kh2 Qd2 40. Ng8 Re8 41. Rf7 1-0

[Event "CAN-op"]
[Site "Vancouver CAN"]
[Date "1999.07.04"]
[Round "3"]
[White "Martin, Nathan"]
[Black "Tootoosis, Harold"]
[Result "0-1"]
[WhiteElo "1410"]
[BlackElo "1842"]
[PlyCount "76"]
[GameId "2160767911743039"]
[EventDate "1999.07.02"]
[EventType "swiss"]
[EventRounds "11"]
[EventCountry "CAN"]

1. d4 Nf6 2. c4 g6 3. Nc3 d5 4. c5 Bg7 5. Nf3 c6 6. g3 O-O 7. Bg2 Bg4 8. O-O Nbd7 9. Bf4 Nh5 10. Qd2 Bxf3 11. Bxf3 Nxf4 12. Qxf4 e5 13. dxe5 Nxc5 14. Rfd1 Nd7 15. e4 Bxe5 16. Qg4 d4 17. Ne2 c5 18. Rac1 Rc8 19. b3 Qe7 20. Nc3 Nf6 21. Nd5 Nxd5 22. exd5 b6 23. Re1 Qd6 24. Qg5 Rce8 25. Rc2 Bf4 26. Qxf4 Rxe1+ 27. Kg2 Qxf4 28. gxf4 a5 29. d6 Rd8 30. Re2 Rxe2 31. Bxe2 Rxd6 32. a4 d3 33. Bd1 d2 34. Kf3 Re6 35. Kg3 Re1 36. Bg4 d1=Q 37. Bxd1 Rxd1 38. Kf3 Re1 0-1

[Event "CAN-op"]
[Site "Vancouver CAN"]
[Date "1999.07.04"]
[Round "3"]
[White "Martinovsky, Ian"]
[Black "Brodie, Hugh"]
[Result "1/2-1/2"]
[WhiteElo "2226"]
[BlackElo "1990"]
[PlyCount "121"]
[GameId "2160767911743040"]
[EventDate "1999.07.02"]
[EventType "swiss"]
[EventRounds "11"]
[EventCountry "CAN"]

1. Nf3 f5 2. e4 fxe4 3. Ng5 Nf6 4. d3 e3 5. Bxe3 e5 6. d4 exd4 7. Qxd4 Nc6 8. Qa4 d5 9. Be2 Bd7 10. Qb3 Bd6 11. Nd2 Ne7 12. c4 c6 13. c5 Bc7 14. Qxb7 a5 15. Qb3 Nf5 16. g4 Rb8 17. Qc3 Nxe3 18. Qxe3+ Qe7 19. Qxe7+ Kxe7 20. O-O-O Be5 21. b3 Bxg4 22. Rhe1 Kd7 23. Nf7 Rhe8 24. Bxg4+ Nxg4 25. f3 Nf2 26. Nxe5+ Rxe5 27. Rxe5 Nd3+ 28. Kc2 Nxe5 29. f4 Ng6 30. Nc4 Nxf4 31. Nb6+ Ke7 32. a3 Ne6 33. Re1 Rf8 34. b4 axb4 35. axb4 Rf2+ 36. Kb3 Rxh2 37. Nc8+ Kf6 38. Na7 Nd4+ 39. Kc3 Nb5+ 40. Nxb5 cxb5 41. c6 Rh4 42. Rf1+ Ke6 43. Rf8 Rc4+ 44. Kd3 Rxc6 45. Rb8 h5 46. Rxb5 h4 47. Rb8 Ke5 48. b5 Rg6 49. b6 Rg3+ 50. Kc2 Rg6 51. b7 Rb6 52. Re8+ Kf4 53. b8=Q+ Rxb8 54. Rxb8 g5 55. Kd1 h3 56. Ke2 h2 57. Rf8+ Kg3 58. Rf3+ Kh4 59. Rf8 Kg3 60. Rf3+ Kg2 61. Rf2+ 1/2-1/2

[Event "CAN-op"]
[Site "Vancouver CAN"]
[Date "1999.07.04"]
[Round "3"]
[White "Miller, Marc"]
[Black "Lipnowski, Irwin"]
[Result "0-1"]
[WhiteElo "2138"]
[BlackElo "2316"]
[PlyCount "78"]
[GameId "2160767911743041"]
[EventDate "1999.07.02"]
[EventType "swiss"]
[EventRounds "11"]
[EventCountry "CAN"]
[SourceTitle "EXT 2000"]
[Source "ChessBase"]
[SourceDate "1999.11.18"]
[SourceVersion "1"]
[SourceVersionDate "1999.11.18"]
[SourceQuality "1"]

1. e4 c5 2. Nc3 Nc6 3. f4 g6 4. g3 Bg7 5. Bg2 d6 6. d3 Rb8 7. Nf3 b5 8. h3 e6 9. O-O Nge7 10. Re1 O-O 11. e5 dxe5 12. fxe5 b4 13. Ne4 Nxe5 14. Nxc5 Nxf3+ 15. Qxf3 Bd4+ 16. Be3 Nf5 17. Bxd4 Qxd4+ 18. Qf2 Qxb2 19. Ne4 Qd4 20. Qxd4 Nxd4 21. Rac1 Kg7 22. Nc5 Rd8 23. Nb3 Bb7 24. Bxb7 Rxb7 25. Nxd4 Rxd4 26. Rb1 Rc7 27. Rec1 Rc3 28. Kf2 a5 29. Ke3 Rd5 30. Kf2 Rdc5 31. Rb2 Rxd3 32. cxd3 Rxc1 33. Ke3 g5 34. Kf3 h5 35. g4 h4 36. Rd2 Rg1 37. Rg2 Rh1 38. Ke2 Rxh3 39. Rf2 Rg3 0-1

[Event "CAN-op"]
[Site "Vancouver CAN"]
[Date "1999.07.04"]
[Round "3"]
[White "Nathani, Kaleim"]
[Black "Orlov, Georgi"]
[Result "0-1"]
[WhiteElo "1791"]
[BlackElo "2600"]
[PlyCount "44"]
[GameId "2160767911743042"]
[EventDate "1999.07.02"]
[EventType "swiss"]
[EventRounds "11"]
[EventCountry "CAN"]
[SourceTitle "CA OP"]
[Source "ade"]

1. d4 Nf6 2. c4 Nc6 3. Nf3 e6 4. Nc3 Bb4 5. Qc2 d6 6. Bf4 O-O 7. e3 Qe7 8. Be2 e5 9. dxe5 dxe5 10. Bg3 Bg4 11. O-O Bxc3 12. bxc3 Nd7 13. Rab1 Nc5 14. Rfd1 b6 15. Rd2 Rae8 16. h3 Bc8 17. Rbd1 f6 18. Nh2 Be6 19. Bf3 Na5 20. Bd5 Nxc4 21. Bxc4 Bxc4 22. Nf3 Qe6 0-1

[Event "CAN-op"]
[Site "Vancouver CAN"]
[Date "1999.07.04"]
[Round "3"]
[White "Nguyen, Kim"]
[Black "Gufeld, Eduard"]
[Result "0-1"]
[WhiteElo "1697"]
[BlackElo "2463"]
[PlyCount "46"]
[GameId "2160767911743043"]
[EventDate "1999.07.02"]
[EventType "swiss"]
[EventRounds "11"]
[EventCountry "CAN"]
[SourceTitle "CA OP"]
[Source "ade"]

1. e4 c5 2. Nf3 Nc6 3. d4 cxd4 4. Nxd4 g6 5. Nc3 Bg7 6. Be3 Nf6 7. Be2 O-O 8. O-O d6 9. Nb3 Be6 10. f4 Qc8 11. Kh1 Rd8 12. Bf3 Bc4 13. Rf2 e5 14. g3 d5 15. exd5 e4 16. Nxe4 Nxd5 17. Bc5 Bxb2 18. Nd6 Rxd6 19. Bxd6 Qe6 20. Bxd5 Bxd5+ 21. Kg1 Qe4 22. Qf3 Qxf3 23. Rxf3 Bxf3 0-1

[Event "CAN-op"]
[Site "Vancouver CAN"]
[Date "1999.07.04"]
[Round "3"]
[White "Spraggett, Kevin"]
[Black "Haley, Phil"]
[Result "1-0"]
[WhiteElo "2645"]
[BlackElo "1856"]
[PlyCount "51"]
[GameId "2160767911743044"]
[EventDate "1999.07.02"]
[EventType "swiss"]
[EventRounds "11"]
[EventCountry "CAN"]
[SourceTitle "CA OP"]
[Source "ade"]

1. c4 d6 2. Nc3 e5 3. g3 g6 4. Bg2 Bg7 5. d3 f5 6. e4 Nf6 7. Nge2 c6 8. O-O Be6 9. b3 Nbd7 10. exf5 Bxf5 11. d4 Qc7 12. h3 Be6 13. Ba3 a6 14. Qd2 Bf7 15. Rad1 Bf8 16. f4 exd4 17. Qxd4 c5 18. Qe3+ Be7 19. g4 Nb6 20. f5 g5 21. Qxg5 h5 22. Qh4 Nxg4 23. f6 Nxf6 24. Rxf6 Bxf6 25. Qxf6 Rf8 26. Ne4 1-0